000 00922nam a2200289 i 4500
003 DO-SdBNP
005 20260528141219.0
007 ta
008 250115b1998 dr ac||| |||| 00| 0 spa d
020 _a9768175087
040 _aDO-SdBNP
_bspa
_cBNPHU
_erda
041 _aspa
082 4 _axxx
_bS787t
_222
100 1 _aStanley, Avelino,
_eautor
_4aut.
_981231
245 1 0 _aTiempo muerto /
_cAvelino Stanley ; ilustraciones con motivos cocolos en portada de Nadal Walcot
250 _aprimera edición
264 4 _aSanto Domingo :
_bCocolo Editorial,
_c©1998.
300 _a218 páginas :
_bilustraciones ;
_c23 cm.
336 _atexto
_btxt
_2rdacontent
337 _asin mediación
_bsin mediación
_2n
338 _avolumen
_bnc
_2rdacarrier
586 _aPremio Nacional de Novela 1997
590 _aInventariado, 2025/DG
700 1 _aWalcot, Nadal,
_eilustrador
_4il.
_986893
910 _aDG
942 _2ddc
_cLBS1
999 _c58058
_d58058